000 01132nam0a22003011 4500
001 rc\4004220
005 20260406151909.0
021 _aRU
_b[48-20151]
035 _a(NLR Aleph) 008075167
090 _a9087988
_c9087988
100 _a20130415d1948 |||y0rusy50 ca
101 0 _arus
102 _aRU
105 _aa z |||||
200 1 _aСказка об Иване царевиче и сером волке
_e[Для нач. школы
_fИл.: Э. Криммер]
210 _aМосква
_aЛенинград
_cИзд-во и 2-я ф-ка дет. книги Детгиза в Л.
_d1948
215 _a36 с.
_cил.
_d19
225 1 _aШкольная библиотека
300 _aПеред загл. авт.: В. Жуковский
608 _aСказки русские (д. л.)
_2psbo
700 1 _8rus
_7ca
_aЖуковский
_bВ. А.
_f1783-1852
_cпоэт
_gВасилий Андреевич
_3RU\NLR\AUTH\775529
_9115493
702 1 _aКриммер
_bЭ.
_4440
801 0 _aRU
_bNLR
_gpsbo
801 1 _aRU
_bELAR
_2rusmarc
852 _aNLR
_jДл02 Г-4/677
942 _cBOOK
980 _aNB